FAO agricultural development paper N.95 : Surface irrigation
The book are the most widely practised. This publication is a comprehensive survey of all the several existing surface systems. Their combination in one volume makes possible the study and comparison of the various parameters of soil, water supply, topography and cropping possibilities of these syst...
Đã lưu trong:
| 主要作者: | |
|---|---|
| 格式: | 图书 |
| 语言: | Undetermined |
| 出版: |
Rome
FAO
1974
|
| 主题: | |
| 标签: |
添加标签
没有标签, 成为第一个标记此记录!
|
| Thư viện lưu trữ: | Trung tâm Học liệu Trường Đại học Cần Thơ |
|---|
| LEADER | 01099nam a2200205Ia 4500 | ||
|---|---|---|---|
| 001 | CTU_16390 | ||
| 008 | 210402s9999 xx 000 0 und d | ||
| 082 | |a 631.62 | ||
| 082 | |b B724 | ||
| 100 | |a Booher, L. J. | ||
| 245 | 0 | |a FAO agricultural development paper N.95 : | |
| 245 | 0 | |b Surface irrigation | |
| 245 | 0 | |c L. J. Booher, FAO | |
| 260 | |a Rome | ||
| 260 | |b FAO | ||
| 260 | |c 1974 | ||
| 520 | |a The book are the most widely practised. This publication is a comprehensive survey of all the several existing surface systems. Their combination in one volume makes possible the study and comparison of the various parameters of soil, water supply, topography and cropping possibilities of these systems, as well as their technical requirements, practical application and costs - knowledge of great value in the selection and planning of an irrigation scheme. The book is particularly recomended to students, planner and designers of farm irrigation systems | ||
| 650 | |a Irrigation | ||
| 904 | |i Nguyễn Quang Điền, 970523 | ||
| 980 | |a Trung tâm Học liệu Trường Đại học Cần Thơ | ||